<?xml version="1.0" encoding="UTF-8"?><?xml-stylesheet type="text/xsl" href="static/style.xsl"?><OAI-PMH xmlns="http://www.openarchives.org/OAI/2.0/" xmlns:xsi="http://www.w3.org/2001/XMLSchema-instance" xsi:schemaLocation="http://www.openarchives.org/OAI/2.0/ http://www.openarchives.org/OAI/2.0/OAI-PMH.xsd"><responseDate>2026-04-14T02:53:13Z</responseDate><request verb="GetRecord" identifier="oai:www.recercat.cat:10459.1/63866" metadataPrefix="marc">https://recercat.cat/oai/request</request><GetRecord><record><header><identifier>oai:recercat.cat:10459.1/63866</identifier><datestamp>2024-12-05T22:41:20Z</datestamp><setSpec>com_2072_3622</setSpec><setSpec>col_2072_479130</setSpec></header><metadata><record xmlns="http://www.loc.gov/MARC21/slim" xmlns:dcterms="http://purl.org/dc/terms/" xmlns:xsi="http://www.w3.org/2001/XMLSchema-instance" xmlns:doc="http://www.lyncode.com/xoai" xsi:schemaLocation="http://www.loc.gov/MARC21/slim http://www.loc.gov/standards/marcxml/schema/MARC21slim.xsd">
   <leader>00925njm 22002777a 4500</leader>
   <datafield ind2=" " ind1=" " tag="042">
      <subfield code="a">dc</subfield>
   </datafield>
   <datafield ind2=" " ind1=" " tag="720">
      <subfield code="a">Iglesias i Castellarnau, Ignasi</subfield>
      <subfield code="e">author</subfield>
   </datafield>
   <datafield ind2=" " ind1=" " tag="260">
      <subfield code="c">2011-04-12T17:54:19Z</subfield>
   </datafield>
   <datafield ind2=" " ind1=" " tag="260">
      <subfield code="c">2001-04-10</subfield>
   </datafield>
   <datafield ind2=" " ind1=" " tag="260">
      <subfield code="c">1996-07-12</subfield>
   </datafield>
   <datafield ind2=" " ind1=" " tag="260">
      <subfield code="c">2001-04-10</subfield>
   </datafield>
   <datafield ind2=" " ind1=" " tag="520">
      <subfield code="a">S'ha aprofundit en l'estudi dels principals mecanismes bioquímics que intervenen en la coloració de varietats vermelles de poma, i de la influència que en els mateixos exerceixen els factors ambientals, especialment la temperatura i el material vegetal. Així, s'ha estudiat l'efecte que té en la coloració la modificació de les condicions ambientals mitjançant el reg per *aspersión; per altra banda s'ha avaluat el comportament *agronómico de noves varietats, en el que es refereix fonamentalment a la millora del color, respecte a unes altres tradicionalment conreades.</subfield>
   </datafield>
   <datafield ind2=" " ind1=" " tag="520">
      <subfield code="a">Se ha profundizado en el estudio de los principales mecanismos bioquímicos que intervienen en la coloración de variedades rojas de manzana, y de la influencia que en los mismos ejercen los factores ambientales, especialmente la temperatura y el material vegetal. Así, se ha estudiado el efecto que tiene en la coloración la modificación de las condiciones ambientales mediante el riego por aspersión; por otra parte se ha evaluado el comportamiento agronómico de nuevas variedades, en lo que se refiere fundamentalmente a la mejora del color, con respecto a otras tradicionalmente cultivadas.</subfield>
   </datafield>
   <datafield ind1="8" ind2=" " tag="024">
      <subfield code="a">http://hdl.handle.net/10459.1/63866</subfield>
   </datafield>
   <datafield tag="653" ind2=" " ind1=" ">
      <subfield code="a">pomes</subfield>
   </datafield>
   <datafield tag="653" ind2=" " ind1=" ">
      <subfield code="a">regatge per aspersió</subfield>
   </datafield>
   <datafield tag="653" ind2=" " ind1=" ">
      <subfield code="a">regatge per aspersió</subfield>
   </datafield>
   <datafield tag="653" ind2=" " ind1=" ">
      <subfield code="a">varietats pomes</subfield>
   </datafield>
   <datafield tag="653" ind2=" " ind1=" ">
      <subfield code="a">varietats</subfield>
   </datafield>
   <datafield tag="653" ind2=" " ind1=" ">
      <subfield code="a">Ciències experimentals de la natura i la vida</subfield>
   </datafield>
   <datafield tag="653" ind2=" " ind1=" ">
      <subfield code="a">634</subfield>
   </datafield>
   <datafield ind2="0" ind1="0" tag="245">
      <subfield code="a">Influencia del material vegetal y del riego por aspersión en la coloración de variedades rojas de manzana (Malus domestica Borkh)</subfield>
   </datafield>
</record></metadata></record></GetRecord></OAI-PMH>